书目信息 |
| 题名: |
发明学━创造新技术的思考方法
|
|
| 作者: | 川口寅之辅 著 ;马泉 , 张维彦 译 | |
| 分册: | ||
| 出版信息: | 北京 专利文献出版社 1984 |
|
| 页数: | 166页 | |
| 开本: | 19cm | |
| 丛书名: | ||
| 单 册: | ||
| 中图分类: | N3 | |
| 科图分类: | ||
| 主题词: | 自然科学-研究方法 , 研究方法-自然科学 | |
| 电子资源: | ||
| ISBN: | ||
| 000 | 00812nam0 2200277 45 | |
| 001 | 0184002805 | |
| 005 | 20040517105238.8 | |
| 010 | @dCNY0.70 | |
| 091 | @a17242.43 | |
| 100 | @a19950726d1984 em y0chiy0121 ea | |
| 101 | 1 | @achi@cjpn |
| 102 | @aCN@b110000 | |
| 105 | @ay z 000yy | |
| 106 | @ar | |
| 200 | 10 | @a发明学━创造新技术的思考方法@Afa ming xue chuang zao xin ji shu de si kao fang fa@f(日)川口寅之辅著@g马泉,张维彦译 |
| 210 | @a北京@c专利文献出版社@d1984 | |
| 215 | @a166页@d19cm | |
| 606 | @a自然科学-研究方法 | |
| 606 | @a研究方法-自然科学 | |
| 690 | @aN3@v3 | |
| 701 | 0 | @a川口寅之辅@Achuan kou yin zhi fu@4著 |
| 702 | 0 | @a马泉@Ama quan@4译 |
| 702 | 0 | @a张维彦@Azhang wei yan@4译 |
| 801 | 0 | @aCN@b上海图书馆@c20040517 |
| 801 | 2 | @aCN@bNLC@c20040517 |
| 905 | @f1@b109814@dN3@e18 | |
| 发明学━创造新技术的思考方法/(日)川口寅之辅著/马泉,张维彦译.-北京:专利文献出版社,1984 |
| 166页;19cm |
| ISBN :CNY0.70 |
| ● |
| 相关链接 |
|
|
|
|
正题名:发明学━创造新技术的思考方法
索取号:N3/18
 
预约/预借
| 序号 | 登录号 | 条形码 | 馆藏地/架位号 | 状态 | 备注 |
| 1 | 0109814 | 000566391 | 第三借阅区/ [索取号:N3/18] | 在馆 | |
| 2 | 0109815 | 000565597 | 第二样本阅览室/ [索取号:N3/18] | 在馆 |